000
00242 a2200097 4500
001
55268
100
_a
245
_a
Guantanamo and abuse of presidential power
260
_a
New York
_b
Simmon & Schuster
_c
2007
090
_c
34235
_d
34235
942
_a
NUST-CAE
_c
MONOGRAPH
_c
26931
999
_c
290341
_d
290341